| 000 | 01152nam a22002537a 4500 | ||
|---|---|---|---|
| 005 | 20081010105346.0 | ||
| 008 | 081010t xxu||||| |||| 00| e hin d | ||
| 010 | _aHIN-84318 | ||
| 020 |
_a9788181437921 _c395.00 |
||
| 035 | _aHN-56664 | ||
| 037 | _bDBAD / PUB | ||
| 040 |
_aDPL _bHN |
||
| 082 | _a824 | ||
| 100 | _aनन्दकिशोर आचार्य | ||
| 245 |
_aलेखक की साहित्यिकी / _cनन्दकिशोर आचार्य |
||
| 246 |
_alekhaka kii Saahitykii _bby Nandkishor Acharya |
||
| 260 |
_aनई दिल्ली _bवाणी प्रकाशन _c2008 |
||
| 270 |
_a21ए, दरियागंज _bनई दिल्ली _e110002 _k011 23273167, 23275710 _l011 23275710 _mvaniprakashan@gmail.com |
||
| 300 |
_a288पृ _c22सेमी (सजिल्द) |
||
| 650 | _aहिन्दी निबंध | ||
| 650 | _aHindi essays | ||
| 942 |
_2ddc _cHN _mनन्दकि _h824 |
||
| 999 |
_c16472 _d16472 |
||